000 00509nam a2200181Ia 4500
999 _c3677
_d3677
003 OSt
005 20200819101845.0
008 190216s9999||||xx |||||||||||||| ||und||
020 _a9788187134404
040 _coclc
082 _a541.28
_bSAN/Q
100 _aSannigrahi, A B
_94206
245 0 _aQuantum Chemistry /
_cA B Sannigrahi
260 _bBooks And Allied Pvt Ltd,
_c2010.
_aKolkata:
300 _a514p
650 _aChemistry
942 _cBK
_2ddc
_h541.28
_iSAN/Q
_k541.28
_mSAN/Q